000 00813nac a22001811u 4500
020 _a007058611X
082 _a621.382
_bH87374
090 _c116
_d116
100 _aHsu, Hwei
245 _aSchaum's outline of theory and problems of analog and digital communications/
_bHwei P. Hsu
250 _a2nd ed.
260 _aNew Delhi
_bTata McGraw-Hill
_c2004
650 _aDigital communications
650 _aTelecommunication
942 _cBB
_k621.382H87374
999 _c116
_d116